000 00249nam a2200097Ia 4500
001 796435
005 20250826170747.0
008 250824s9999 xx 000 0 und d
245 0 _aKELEBEKLER BE İNSANLAR
_cÜSTÜN DÖKMEN
260 _bREMZİ KİTABEVİ
999 _c796435
_d796435